| Tag |
First Indicator |
Second Indicator |
Subfields |
| LEADER |
00000cam a2200000 a 4500 |
| 001 |
in00000372002 |
| 005 |
20151011093215.0 |
| 008 |
730409s1963 wb b 00110 germ |
| 010 |
|
|
|a 64007097
|
| 035 |
|
|
|a (OCoLC)00599506
|
| 035 |
|
|
|9 ABQ9447AM
|
| 040 |
|
|
|a DLC
|c CSU
|d m.c.
|d SER
|d TXA
|d UtOrBLW
|
| 049 |
|
|
|a TXAM
|c [270708]
|
| 050 |
0 |
0 |
|a PE1261
|b .F5
|
| 100 |
1 |
|
|a Finkenstaedt, Thomas,
|d 1930-
|
| 245 |
1 |
0 |
|a You und thou :
|b Studien zur Anrede im Englischen, mit einem Exkurs uber die Anrede im Deutschen /
|c von Thomas Finkenstaedt.
|
| 264 |
|
1 |
|a Berlin :
|b De Gruyter,
|c [1963]
|
| 264 |
|
4 |
|c ©1963
|
| 300 |
|
|
|a xi, 301 pages ;
|c 23 cm.
|
| 336 |
|
|
|a text
|b txt
|2 rdacontent
|
| 337 |
|
|
|a unmediated
|b n
|2 rdamedia
|
| 338 |
|
|
|a volume
|b nc
|2 rdacarrier
|
| 490 |
1 |
|
|a Quellen und Forschungen zur Sprach- und Kulturgeschichte der germanischen Volker : n.F. ;
|v 10 (134)
|
| 500 |
|
|
|a Includes indexes.
|
| 504 |
|
|
|a Bibliography: pages [278]-301.
|
| 650 |
|
0 |
|a You (The word)
|
| 650 |
|
0 |
|a Thou (The word)
|
| 830 |
|
0 |
|a Quellen und Forschungen zur Sprach- und Kulturgeschichte der germanischen Völker ;
|v n.F., 10 (134)
|
| 999 |
|
|
|a MARS
|
| 999 |
f |
f |
|s b89c399c-7067-3118-983a-1a09d821124c
|i b840d6e8-05da-376f-a8ab-643e224c0a7d
|t 0
|
| 952 |
f |
f |
|p ric
|a Texas A&M University
|b Rellis Campus
|c Joint Library Facility
|d Remote Storage
|t 0
|e PE1261 .F5
|h Library of Congress classification
|i unmediated -- volume
|m A14807524557
|
| 998 |
f |
f |
|a PE1261 .F5
|t 0
|l Remote Storage
|